Organizational behavior in education : (Record no. 1647)

000 -LEADER
fixed length control field 01185cam a22003374a 4500
003 - CONTROL NUMBER IDENTIFIER
control field OSt
005 - DATE AND TIME OF LATEST TRANSACTION
control field 20210629090938.0
008 - FIXED-LENGTH DATA ELEMENTS--GENERAL INFORMATION
fixed length control field 060504s2007 maua b 001 0 eng
020 ## - INTERNATIONAL STANDARD BOOK NUMBER
International Standard Book Number 0205486363
020 ## - INTERNATIONAL STANDARD BOOK NUMBER
International Standard Book Number 9780205486366
040 ## - CATALOGING SOURCE
Transcribing agency DLC
042 ## - AUTHENTICATION CODE
Authentication code pcc
043 ## - GEOGRAPHIC AREA CODE
Geographic area code n-us---
050 00 - LIBRARY OF CONGRESS CALL NUMBER
Classification number LB2806
Item number .O9 2007
100 1# - MAIN ENTRY--PERSONAL NAME
Personal name Owens, Robert G.
245 10 - TITLE STATEMENT
Title Organizational behavior in education :
Remainder of title adaptive leadership and school reform /
Statement of responsibility, etc. Robert G. Owens, Thomas C. Valesky.
250 ## - EDITION STATEMENT
Edition statement 9th ed.
260 ## - PUBLICATION, DISTRIBUTION, ETC.
Place of publication, distribution, etc. Boston, MA :
Name of publisher, distributor, etc. Pearson/Allyn and Bacon,
Date of publication, distribution, etc. c2007.
300 ## - PHYSICAL DESCRIPTION
Extent xxviii, 452 p. :
Other physical details ill. ;
Dimensions 24 cm.
504 ## - BIBLIOGRAPHY, ETC. NOTE
Bibliography, etc. note Includes bibliographical references (p. 425-439) and indexes.
650 #0 - SUBJECT ADDED ENTRY--TOPICAL TERM
Topical term or geographic name entry element School management and organization
Geographic subdivision United States.
650 #0 - SUBJECT ADDED ENTRY--TOPICAL TERM
Topical term or geographic name entry element Organizational behavior.
700 1# - ADDED ENTRY--PERSONAL NAME
Personal name Valesky, Thomas C.
906 ## - LOCAL DATA ELEMENT F, LDF (RLIN)
a 7
b cbc
c orignew
d 1
e ocip
f 20
g y-gencatlg
942 ## - ADDED ENTRY ELEMENTS (KOHA)
Source of classification or shelving scheme
Koha item type Book
Suppress in OPAC MM
Holdings
Withdrawn status Lost status Source of classification or shelving scheme Damaged status Not for loan Permanent Location Current Location Shelving location Date acquired Total Checkouts Full call number Barcode Date last seen Date last checked out Price effective from Koha item type Public note
          AU LIBRARY AU LIBRARY Open Shelf 29.06.2021 1 LB2806 .O9 2007 28000370 16.11.2021 02.11.2021 29.06.2021 Book MM

Powered by Koha